|
|
แสดงรายละเอียดบรรณานุกรม |
|
|
Brief Record
: Get Marc (ISO 2709)
: E-mail record
: |
| LEADER 00000nama 2200000uu 4500 | |||
| 001 184338 | |||
| 003 ULIBM | |||
| 008 040531s2541 th m m a000 0 tha d | |||
| 020 974-575-431-5 | |||
| 041 tha | |||
| 050 BQ5630.S2 ป365ป 2541 | |||
| 100 ประยูร ธัมมจิตโต | |||
| 245 ปลุกปลอบใจในยามวิกฤต 001 | |||
| 250 3 | |||
| 260 กรุงเทพฯ โรงพิมพ์จุฬาลงกรณ์มหาวิทยาลัย 2541 | |||
| 300 55 หน้า | |||
| 650 พุทธศาสนา | |||
| 998 2001-01-23 | |||
| คุณยังไม่ได้ล็อกอิน คุณสามารถมีกิจกรรมร่วมกับเว็บไซต์ได้ แต่ต้องล็อกอินก่อน :: |
|
| สถานะ | |||||||||
| - ไม่พบข้อมูล - | |||||||||
| [แสดง 1/1 รายการ] | |||||||||
| รายการใกล้เคียง หัวเรื่อง [พุทธศาสนา]
|
BibComment |
| คอมเมนท์ทรัพยากรรายการนี้ |
|
|